000 00572nam a22001937a 4500
003 BD-DhJNU
005 20250716031330.0
008 250716b |||||||| |||| 00| 0 eng d
020 _a043200028
040 _aBD-DhJNU
_bENG
_cBD-DhJNU
_dBD-DhJNU
082 _223
_a320.95491
100 _aCallard, Keith
245 _aPakistan :
_ba political study /
_cKeith Callard
260 _aLondon :
_bGeorge Allen & Unwin LTD,
_c1968.
300 _a355 p. :
_c22 cm.
504 _aincludes bibliographical reference and index
650 _aPolitical Science
942 _2ddc
_cBK
_n0
999 _c1901
_d1901